000 00523nam a22001817a 4500
999 _c78190
_d78190
005 20181228121951.0
010 _aENG-108184
020 _a9789380342641
_c150.00
035 _aEN-91717
037 _bDBAD/PUB
082 _a344.540327
100 _aChinappan, K.
245 1 0 _aTeaching of the child rights /
_cby K. Chinappan
260 _aThanjavir
_bAkaram
_c2013
270 _aPlot No.1, Nirmala Nagar
_bThanjavur
_e613007
300 _a288p. :
_c22cm(pbk)
_bill.
942 _2ddc
_cEN
_mCHI
_h344.540327